| 000 | 00419nam a2200181Ia 4500 | ||
|---|---|---|---|
| 001 | 1002 | ||
| 005 | 20260306140600.0 | ||
| 008 | 260306t1973||||xx |||||||||||||| ||spa|| | ||
| 041 | _aESP | ||
| 082 |
_a179.8 _bH23 |
||
| 100 |
_aHäsler, Alfred A. _eAUT |
||
| 245 | 0 | _aEl odio en el mundo actual | |
| 260 | _c1973 | ||
| 300 |
_a199 páginas : _c18 cm. |
||
| 650 | _aGEN | ||
| 654 | _aCHU | ||
| 942 |
_cLIB _dJUS _fJUS _2ddc _n |
||
| 999 |
_c1002 _d1002 |
||